000 00516nam a2200193 a 4500
001 BS0003689
003 BR-BrBNA
005 20230418192402.0
008 230308b |||||||| |||| 00| 0 por d
040 _aBR-BrBNA
_bpor
_cBiblioteca Nacional de Agricultura
041 _apor
100 1 _aMello, Milton Thiago de
245 1 _aO poste de Cozumel /
260 3 _aBrasilia, DF:
_bMilton Thiago de Mello,
_c2016.
300 _a190 p.
650 _aBIOGRAFIA
909 _a202304
_bSergio Santos
_c56
_dSergio Santos
942 _cBK
999 _c8752
_d8752